| 000 | 00878nam a2200253 a 4500 | ||
|---|---|---|---|
| 008 | |||
| 020 | _a0240802292 (pbk.) | ||
| 049 | _aMAIN | ||
| 090 | _aPN1992 | ||
| 100 | 1 | _aMatza, Aleks. | |
| 245 | 1 | 4 |
_aThe video production organizer : _ba guide for businesses, schools, government agencies, and professional associations / _cAleks Matza. |
| 260 |
_aBoston : _bFocal Press, _cc1995. |
||
| 300 |
_axvii, 230 p. : _bill. ; _c24 cm. |
||
| 500 | _aSystem requirements for accompanying computer disk: Windows or DOS. | ||
| 504 | _aIncludes bibliographical references. | ||
| 500 | _aIncludes index. | ||
| 650 | 0 |
_aVideo recordings _xProduction and direction. |
|
| 650 | 0 | _aIndustrial television. | |
| 907 |
_a.b10025492 _b29-05-04 _c17-04-03 |
||
| 003 | |||
| 005 | 20230123133625.0 | ||
| 040 | _cNUST | ||
| 942 |
_cBOOKS _kPN1992 |
||
| 999 |
_c151813 _d151813 |
||